ARRUPE JESUIT UNIVERSITY

CORONAVIRUS -STOP THE SPREAD - CLEAN,DISINFECT,COVER

A guide to Zimbabwe taxation (Record no. 131523)

MARC details
000 -LEADER
fixed length control field 00515nam a22001817a 4500
003 - CONTROL NUMBER IDENTIFIER
control field ARRUPE
005 - DATE AND TIME OF LATEST TRANSACTION
control field 20221116131754.0
008 - FIXED-LENGTH DATA ELEMENTS--GENERAL INFORMATION
fixed length control field 221116b |||||||| |||| 00| 0 eng d
040 ## - CATALOGING SOURCE
Transcribing agency Arrupe
050 ## - LIBRARY OF CONGRESS CALL NUMBER
Classification number HJ4790.5 .M87 2022
300 ## - PHYSICAL DESCRIPTION
Dimensions 29cm.
100 ## - MAIN ENTRY--PERSONAL NAME
Personal name Nyatanga, Partson
9 (RLIN) 51849
245 ## - TITLE STATEMENT
Title A guide to Zimbabwe taxation
Statement of responsibility, etc Partson Nyatanga
250 ## - EDITION STATEMENT
Edition statement 9th. ed.
260 ## - PUBLICATION, DISTRIBUTION, ETC. (IMPRINT)
Place of publication, distribution, etc Harare
Name of publisher, distributor, etc Havenhill Business Academy
Date of publication, distribution, etc 2022
300 ## - PHYSICAL DESCRIPTION
Extent viii, 365p. ;
650 ## - SUBJECT ADDED ENTRY--TOPICAL TERM
Topical term or geographic name as entry element Taxation
Geographic subdivision Zimbabwe
9 (RLIN) 51850
942 ## - ADDED ENTRY ELEMENTS (KOHA)
Source of classification or shelving scheme Library of Congress Classification
Koha item type Monograph ( Printed materials)
Holdings
Withdrawn status Lost status Source of classification or shelving scheme Damaged status Not for loan Collection code Home library Current library Shelving location Date acquired Total Checkouts Full call number Barcode Date last seen Date checked out Price effective from Koha item type Checked out
    Library of Congress Classification     Main Collection ARRUPE LIBRARY ARRUPE LIBRARY Main Collection 16/11/2022 18 HJ4790.5 .M87 2022 46700000062 07/04/2026 22/01/2026 16/11/2022 Monograph ( Printed materials)  
    Library of Congress Classification     Main Collection ARRUPE LIBRARY ARRUPE LIBRARY Main Collection 16/11/2022   HJ4790.5 .M87 2022 46700000064 16/11/2022   16/11/2022 Monograph ( Printed materials)  
    Library of Congress Classification     Main Collection ARRUPE LIBRARY ARRUPE LIBRARY Main Collection 16/11/2022 1 HJ4790.5 .M87 2022 46700000065 17/01/2023 17/01/2023 16/11/2022 Monograph ( Printed materials) 31/01/2023
    Library of Congress Classification     Main Collection ARRUPE LIBRARY ARRUPE LIBRARY Main Collection 16/11/2022 13 HJ4790.5 .M87 2022 46700000067 03/04/2025 23/04/2024 16/11/2022 Monograph ( Printed materials)  

 

Arrupe Library. PO Box MP320 Mt Pleasant, Harare, Zimbabwe
263 242 745411|librarian@aju.ac.zw